| 000 | 00367 a2200109 4500 | ||
|---|---|---|---|
| 001 | ART_11809 | ||
| 005 | 20260410161900.0 | ||
| 008 | 260409a | ||
| 245 | 1 | 0 | _aThe incidence and allocation effects of a tax on corporate distributions |
| 100 | 1 | _aBradford, David F. | |
| 773 | 0 |
_tJournal of public economics _g- Vol. 15, NÂș 1 (feb. 1981) _wREV11485 |
|
| 999 |
_c25855 _d25855 |
||